Obraz Slovenska v súčasnom Rusku

Bibliographic Details
Main Author: Duleba, Alexander, 1966- (Author)
Format: Article
Language:Slovak
ISSN:1335-2296
Subjects:

MARC

LEADER 00000nab a2200000 a 4500
001 vtls000729830
003 SK-MaSNL
005 20260304114745.0
008 250429c2000 xo 0 slo
015 |a SNBRB2000/08-21090 
035 |a CLN000081963 
035 |a urn:nbn:sk:snk-aba1uw 
035 |a (urnnbn)urn:nbn:sk:snk:ar-a0996i 
035 |a (uuid)f0c0c059-55fd-4fe9-a5f5-a0f51114740f 
040 |a SNKBUCL  |b slo  |c SNKBUCL  |e AACR2 
041 0 |a slo 
044 |a xo  |c SK 
080 |a 301.163.3(47:437.6)  |2 1997 
100 1 |a Duleba, Alexander,  |d 1966-  |4 aut  |9 109162 
245 1 0 |a Obraz Slovenska v súčasnom Rusku  |c Alexander Duleba 
650 0 7 |a Rusi  |x Slovensko  |x informovanosť  |2 snkbucl  |9 1420161 
651 7 |a Slovensko  |x Ruská federácia  |x informovanosť  |2 snkbucl  |9 1420162 
655 7 |a články z novín a časopisov  |2 snkbucl  |9 267496 
773 0 |t OS  |g Č. 6 (2000), s. 27-30  |x 1335-2296 
850 |a Slovenská národná knižnica 
852 |a Slovenská národná knižnica 
954 |a odborná, vedecká literatúra pôvodná (slovenská)  |2 lita 
958 |a article13 
958 |a OND 
958 |a SK 
958 |a RU 
958 |a EUIPO 
992 |a RBX 
999 |c 2873821  |d 2875751